[Event "POLFINAL MISTRZOSTW POLSKI JUNIOROW 2018 - C11"]
[Site "Szczyrk"]
[Date "1899-12-30"]
[Round "2.10"]
[White "Wieckowski, Michal"]
[Black "Palasz, Jakub"]
[Result "0-1"]
[WhiteTitle "II"]
[BlackTitle "II"]
[WhiteElo "1278"]
[BlackElo "1157"]

1. e4 e5 2. Nf3 Nc6 3. d4 exd4 4. Bc4 Bc5 5. O-O Nge7 6. c3 dxc3 7. Nxc3 O-O 8.
Bg5 d6 9. Nd5 Bg4 10. Bb5 f6 11. Qb3 Kh8 12. Bh4 Bxf3 13. Bxc6 Bxe4 14. Rad1 Nxc6
15. Qxb7 Bxd5 16. Rxd5 Ne5 17. Rfd1 Qb8 18. Qxb8 Raxb8 19. b3 Rfe8 20. Kf1 Nc6
21. Bg3 Rb4 22. f3 Rd4 23. R5xd4 Bxd4 24. Rc1 Bc5 25. Bf4 Nb4 0-1

[Event "POLFINAL MISTRZOSTW POLSKI JUNIOROW 2018 - C11"]
[Site "Szczyrk"]
[Date "1899-12-30"]
[Round "2.11"]
[White "Cieply, Krzysztof"]
[Black "Bartnik, Michal"]
[Result "1-0"]
[WhiteTitle "II"]
[BlackTitle "II"]
[WhiteElo "1362"]
[BlackElo "1090"]

1. e4 c5 2. Nf3 Nc6 3. d4 cxd4 4. Nxd4 Nf6 5. Nc3 e5 6. Ndb5 d6 7. Bg5 a6 8. Bxf6
gxf6 9. Na3 b5 10. Nd5 Bg7 11. c3 Be6 12. Nc2 O-O 13. Nce3 Ne7 14. Be2 Ng6 15.
O-O Re8 16. Bg4 Rb8 17. Qf3 Kh8 18. Nb4 Rb6 19. Ned5 Bxd5 20. Nxd5 Rb8 21. g3
Kg8 22. h4 Nf8 23. Kg2 h6 24. Bf5 Ra8 25. Rh1 Rb8 26. Rhd1 Ne6 27. Rd2 Nc7 28.
Rad1 Nxd5 29. Rxd5 Rb6 30. Qg4 Qc7 31. R1d2 Rd8 32. Kh3 Rc6 33. a3 Rc5 34. Qd1
Rxd5 35. Rxd5 Qb6 36. Kg2 Qc6 37. g4 Qc7 38. Qd2 Qe7 39. Qd3 Qc7 40. Qe3 Re8 41.
b3 Kf8 42. Qd3 Rd8 43. c4 bxc4 44. bxc4 Qc6 45. Qc3 Kg8 46. Qa5 Ra8 47. c5 dxc5
48. Rxc5 Qd6 49. Rd5 Qb8 50. Rd7 Qf8 51. Qc7 Rb8 52. Rxf7 Qxf7 53. Bh7+ Kf8 54.
Qxb8+ Qe8 55. Qd6+ Qe7 56. Qxa6 Kf7 57. Bf5 Bf8 58. a4 Kg8 59. h5 Qd6 60. Qc4+
Kh8 61. a5 Qb4 62. Qc8 Kg8 63. a6 Qb6 64. Qe6+ Qxe6 65. Bxe6+ Kg7 66. a7 Bb4 67.
a8=Q Bf8 68. Qb7+ Kh8 69. Qf7 Ba3 70. Qg8# 1-0

[Event "POLFINAL MISTRZOSTW POLSKI JUNIOROW 2018 - C11"]
[Site "Szczyrk"]
[Date "1899-12-30"]
[Round "2.12"]
[White "Starosciak, Szymon"]
[Black "Banaczyk, Piotr"]
[Result "1-0"]
[WhiteTitle "II"]
[BlackTitle "II"]
[WhiteElo "1419"]
[BlackElo "1125"]

1. e4 e6 2. d4 d5 3. Nd2 dxe4 4. Nxe4 Nd7 5. Nf3 Ngf6 6. Bd3 Nxe4 7. Bxe4 Nf6 8.
Bg5 Be7 9. Bxf6 Bxf6 10. Qd3 Qd6 11. O-O-O h6 12. Ne5 O-O 13. f4 c6 14. h4 Bxe5
15. fxe5 Qc7 16. g4 g6 17. Rdf1 Bd7 18. Rf6 Be8 19. h5 c5 20. hxg6 fxg6 21. Rxf8+
Kxf8 22. Rxh6 Rc8 23. Rh8+ Kg7 24. Qh3 Qa5 25. Qh7# 1-0

[Event "POLFINAL MISTRZOSTW POLSKI JUNIOROW 2018 - C11"]
[Site "Szczyrk"]
[Date "1899-12-30"]
[Round "2.13"]
[White "Gradzki, Artur"]
[Black "Klim, Filip"]
[Result "0-1"]
[WhiteTitle "II"]
[BlackTitle "I"]
[WhiteElo "1157"]
[BlackElo "1451"]

1. e4 e5 2. Nf3 Nc6 3. Bc4 Bc5 4. c3 Nf6 5. d4 exd4 6. cxd4 Bb4+ 7. Bd2 Bxd2+ 8.
Nbxd2 d5 9. exd5 Nxd5 10. Qb3 Na5 11. Qd1 Nxc4 12. Nxc4 O-O 13. O-O Bf5 14. Re1
Qf6 15. Qd2 Rad8 16. Rac1 c6 17. Qg5 Qxg5 18. Nxg5 Nf4 19. Rcd1 Nd3 20. Re7 Rxd4
21. Ne5 f6 22. Ne6 Bxe6 23. Rxd3 Rxd3 24. Nxd3 Bxa2 25. h3 Bc4 26. Nf4 Rb8 27.
Ne6 Bxe6 28. Rxe6 Kf7 29. Re3 Rd8 30. Kf1 a5 31. Ra3 Rd2 32. b3 b6 33. Ke1 Rb2
34. g3 Ke6 35. f3 Kd5 36. Kd1 Rg2 37. g4 Rf2 38. Ke1 Rxf3 39. h4 Rg3 0-1

[Event "POLFINAL MISTRZOSTW POLSKI JUNIOROW 2018 - C11"]
[Site "Szczyrk"]
[Date "1899-12-30"]
[Round "2.14"]
[White "Turowski, Maciej"]
[Black "Nagly, Wojciech"]
[Result "1-0"]
[WhiteTitle "II"]
[BlackTitle "II"]
[WhiteElo "1370"]
[BlackElo "1116"]

1. d4 d5 2. c4 e6 3. Nc3 Nf6 4. Bg5 Nbd7 5. Nf3 c6 6. e3 Qa5 7. cxd5 Nxd5 8. Qb3
Bb4 9. Rc1 c5 10. a3 Bxc3+ 11. bxc3 cxd4 12. exd4 O-O 13. Be2 b6 14. Bd2 Nc7 15.
O-O Qf5 16. c4 Bb7 17. Rfe1 Nf6 18. h3 Ne4 19. Be3 g5 20. Bd3 g4 21. Ng5 gxh3
22. Qc2 Qg4 23. Bxe4 Bxe4 24. Qxe4 Qxe4 25. Nxe4 hxg2 26. Kxg2 f5 27. Nc3 f4 28.
Bd2 f3+ 29. Kg3 Rf5 30. Bf4 Kf7 31. Kxf3 Ne8 32. Re5 Nd6 33. Rxf5+ Nxf5 34. Ke4
h5 35. Ne2 h4 36. Rh1 Rc8 37. Kd3 Kg6 38. Rg1+ Kf7 39. Rh1 a6 40. Ng1 b5 41. cxb5
axb5 42. Nf3 Ra8 43. Bc1 Rh8 44. Bb2 Rh5 45. Rh3 Ke7 46. Kc3 Kf6 47. Kb4 Ke7 48.
Bc1 Kf6 49. Bf4 Ke7 50. Bg5+ Kd6 51. Kxb5 Nxd4+ 52. Nxd4 Rxg5+ 53. Kb6 Rg4 54.
Nb5+ Ke5 55. Nc3 Kf5 56. a4 Kg5 57. a5 Rf4 58. a6 Rxf2 59. Ne4+ Kg4 60. Nxf2+
Kg5 61. a7 e5 62. a8=Q 1-0

[Event "POLFINAL MISTRZOSTW POLSKI JUNIOROW 2018 - C11"]
[Site "Szczyrk"]
[Date "1899-12-30"]
[Round "2.15"]
[White "Michno, Mateusz"]
[Black "Grzadka, Artur"]
[Result "0-1"]
[WhiteTitle "III"]
[BlackTitle "II"]
[WhiteElo "1138"]
[BlackElo "1333"]

1. e4 c6 2. Nf3 d5 3. exd5 cxd5 4. d4 Nc6 5. Nc3 Bg4 6. Bb5 e6 7. a3 Bd6 8. Bg5
Nge7 9. Qd3 Qc7 10. Bxe7 Qxe7 11. O-O O-O 12. Rfe1 Bxf3 13. Bxc6 Bxg2 14. Ne2
Be4 15. Qh3 bxc6 16. c3 Rab8 17. b4 Bf5 18. Qg2 Qh4 19. Ng3 Bxg3 20. hxg3 Qe7
21. Qf3 Be4 22. Qh5 Qf6 23. Kf1 Qf3 24. Qh2 Qxc3 25. Red1 Qf3 26. Re1 Qf6 27.
Red1 Rfc8 28. Rac1 Qf3 29. Ra1 Bc2 30. Rd2 Qc3 0-1

[Event "POLFINAL MISTRZOSTW POLSKI JUNIOROW 2018 - C11"]
[Site "Szczyrk"]
[Date "1899-12-30"]
[Round "2.16"]
[White "Pelka, Maciej"]
[Black "Jakubiec, Maurycy"]
[Result "1-0"]
[WhiteTitle "II"]
[BlackTitle "IV"]
[WhiteElo "1328"]
[BlackElo "1016"]

1. e4 c5 2. b4 cxb4 3. a3 bxa3 4. Bxa3 d6 5. Nf3 Nd7 6. d4 g6 7. Bc4 Bg7 8. Nc3
Qc7 9. Qd3 Ngf6 10. O-O O-O 11. Nb5 Qd8 12. e5 dxe5 13. dxe5 Ne8 14. Rad1 a6 15.
Nc3 Nc7 16. Nd5 Re8 17. Nb6 Nxb6 18. Qxd8 Rxd8 19. Rxd8+ Bf8 20. Bxe7 Ne6 21.
Bxe6 Bxe6 22. Rxa8 Nxa8 23. Bxf8 Kxf8 24. Nd4 Ke7 25. Nxe6 Kxe6 26. f4 Nc7 27.
Kf2 h5 28. c4 b5 29. cxb5 axb5 30. Rc1 Nd5 31. Rc6+ Kf5 32. Kf3 b4 33. h3 h4 34.
Rd6 1-0

[Event "POLFINAL MISTRZOSTW POLSKI JUNIOROW 2018 - C11"]
[Site "Szczyrk"]
[Date "1899-12-30"]
[Round "2.17"]
[White "Guzik, Michal"]
[Black "Zaborski, Igor"]
[Result "1-0"]
[WhiteTitle "II"]
[BlackTitle "II"]
[WhiteElo "1117"]
[BlackElo "1323"]

1. e4 c6 2. d4 d5 3. exd5 cxd5 4. c4 Nf6 5. Nc3 Nc6 6. Nf3 g6 7. Bg5 dxc4 8. Bxc4
Bg7 9. O-O O-O 10. Qd2 Bg4 11. d5 Bxf3 12. gxf3 Ne5 13. Be2 Ned7 14. Rfe1 Nb6
15. Rad1 a6 16. Bf1 Qd7 17. d6 e6 18. Ne4 Nxe4 19. fxe4 Rac8 20. Qb4 Na8 21. Be7
Rfe8 22. e5 Bf8 23. Bf6 Bg7 24. Qh4 Nb6 25. Bg2 Rc4 26. Re4 Rec8 27. Bxg7 Kxg7
28. Rxc4 Nxc4 29. Qf6+ Kg8 30. b3 Na5 31. Qe7 Rd8 32. Rc1 Qxe7 33. dxe7 Re8 34.
Rc7 Nc6 35. Bxc6 bxc6 36. Rxc6 Rxe7 37. Rxa6 Rc7 38. Ra8+ Kg7 39. b4 Rb7 40. a3
f6 41. exf6+ Kxf6 42. Ra5 e5 43. b5 Ke6 44. Ra6+ Kd5 45. a4 Kc5 46. Kg2 e4 47.
Re6 Kd5 48. Ra6 Kc4 49. b6 Kc5 50. a5 Kc6 51. Kg3 Rf7 52. Ra7 Rf3+ 53. Kg2 Ra3
54. b7 Kc7 55. a6 Rb3 56. Ra8 Rb2 57. Rc8+ 1-0

[Event "POLFINAL MISTRZOSTW POLSKI JUNIOROW 2018 - C11"]
[Site "Szczyrk"]
[Date "1899-12-30"]
[Round "2.18"]
[White "Pawlowski, Kamil"]
[Black "Kubaszewski, Piotr"]
[Result "1/2-1/2"]
[WhiteTitle "II"]
[BlackTitle "II"]
[WhiteElo "1013"]
[BlackElo "1238"]

1. e4 c5 2. Nf3 d6 3. d4 cxd4 4. Nxd4 Nf6 5. Nc3 g6 6. Bc4 Bg7 7. O-O Qb6 8. Nf3
Nc6 9. Re1 Bg4 10. h3 Bxf3 11. Qxf3 Ne5 12. Qe2 Nxc4 13. Qxc4 O-O 14. e5 dxe5
15. Rxe5 e6 16. Rb5 Qa6 17. Qb4 b6 18. Bf4 Rfd8 19. Re5 Nd5 20. Nxd5 exd5 21.
Re7 Qc4 22. Qxc4 dxc4 23. c3 Re8 24. Rae1 Rxe7 25. Rxe7 b5 26. Rb7 a6 27. Rb6
Bf8 28. Kf1 Bc5 29. Rc6 Be7 30. Ke2 Kf8 31. Rb6 Ke8 32. Kf3 Bc5 33. Rc6 Be7 34.
Ke4 Kd7 35. Kd5 Bd8 36. f3 Ra7 37. Kc5 Ke8 1/2-1/2

[Event "POLFINAL MISTRZOSTW POLSKI JUNIOROW 2018 - C11"]
[Site "Szczyrk"]
[Date "1899-12-30"]
[Round "2.19"]
[White "Wydmanski, Szymon"]
[Black "Goral, Antoni"]
[Result "1/2-1/2"]
[WhiteTitle "II"]
[BlackTitle "II"]
[WhiteElo "1225"]
[BlackElo "1011"]

1. e4 e6 2. d4 d5 3. Nc3 Bb4 4. e5 c5 5. a3 Bxc3+ 6. bxc3 Nc6 7. Qg4 g6 8. Bb5
Nge7 9. Bg5 Qa5 10. Bxc6+ bxc6 11. Ne2 cxd4 12. Bxe7 Kxe7 13. Qxd4 c5 14. Qh4+
Ke8 15. Qg3 Ba6 16. Qf3 Bxe2 17. Kxe2 Rb8 18. Rab1 Rb6 19. h4 Qxa3 20. h5 Qa2
21. Rbc1 Qc4+ 22. Kd2 Qe4 23. Qxe4 dxe4 24. Ra1 Rb7 25. Ra5 Ke7 26. Rxc5 Rd8+
27. Ke3 Rd5 28. Rxd5 exd5 29. f3 Ke6 30. fxe4 Kxe5 31. exd5 Kxd5 32. Kd3 a5 33.
hxg6 fxg6 34. c4+ Ke5 35. Ra1 Ra7 36. Ke3 h5 37. c3 a4 38. Kd2 g5 39. Kc2 Kd6
40. Rd1+ Kc5 41. Rd5+ Kxc4 42. Rxg5 a3 43. Kb1 a2+ 44. Ka1 Kxc3 45. Rxh5 Kb3 46.
g4 Rd7 47. Rh3+ Kc2 48. Kxa2 Rg7 49. Rg3 Rg5 50. Ka3 Kd2 51. Kb4 Ke2 52. Kc4 Kf2
53. Rb3 Rxg4+ 54. Kc3 1/2-1/2

[Event "POLFINAL MISTRZOSTW POLSKI JUNIOROW 2018 - C11"]
[Site "Szczyrk"]
[Date "1899-12-30"]
[Round "3.1"]
[White "Wolski, Michal"]
[Black "Demski, Michal"]
[Result "0-1"]
[WhiteTitle "II"]
[BlackTitle "I"]
[WhiteElo "1364"]
[BlackElo "1597"]

1. e4 e5 2. Nf3 Nc6 3. d4 exd4 4. Nxd4 Bc5 5. Be3 Qf6 6. c3 Nge7 7. Bc4 O-O 8.
O-O Bb6 9. Nxc6 Qxc6 10. Bxb6 Qxb6 11. Qe2 Ng6 12. Bb3 d6 13. Nd2 Be6 14. Bxe6
fxe6 15. Nb3 Nf4 16. Qg4 Rf6 17. Qg3 Ne2+ 0-1

[Event "POLFINAL MISTRZOSTW POLSKI JUNIOROW 2018 - C11"]
[Site "Szczyrk"]
[Date "1899-12-30"]
[Round "3.2"]
[White "Miler, Franciszek"]
[Black "Jaworski, Tymon"]
[Result "1/2-1/2"]
[WhiteTitle "II"]
[BlackTitle "II"]
[WhiteElo "1345"]
[BlackElo "1459"]

1. e4 c5 2. c4 Nc6 3. Ne2 g6 4. d4 cxd4 5. Nxd4 Bg7 6. Be3 Nf6 7. Nc3 d6 8. Be2
O-O 9. O-O Nd7 10. Qd2 Nb6 11. Nd5 Nxd5 12. cxd5 Nxd4 13. Bxd4 f5 14. Bxg7 Kxg7
15. Qd4+ Kg8 16. f3 Bd7 17. Rac1 e5 18. dxe6 Bxe6 19. exf5 Rxf5 20. Bc4 d5 21.
Bb3 Bf7 22. Rfd1 b6 23. Rc3 Rc8 24. Rxc8 Qxc8 25. Qc3 Qc5+ 26. Qxc5 bxc5 27. Kf2
c4 28. Bc2 Re5 29. b3 Re7 30. h3 Kg7 31. Re1 Rxe1 32. Kxe1 d4 33. Kd2 Kf6 34.
f4 Be6 35. bxc4 Bxc4 36. a3 Ke6 37. g4 Kf6 38. a4 h6 39. h4 g5 40. fxg5+ hxg5
41. h5 Kg7 42. a5 Bd5 43. Bd1 Be4 44. Bc2 Bd5 45. Bf5 Bc4 46. Kc2 a6 47. Bd3 Be6
48. Be2 Bd7 49. Kb3 Kh6 50. Kc2 Kg7 51. Kd2 Kh6 52. Kd1 Kg7 53. Bf3 Kh6 54. Kc2
Bb5 55. Kb3 Kg7 56. Kb4 Kh6 57. Kc5 d3 58. Bd1 Kg7 59. Kd4 Kh6 60. Kc3 Kg7 61.
Kd2 Kh6 62. Bf3 Bc4 63. Ke3 Bb5 64. Be4 Bd7 65. Kf3 Bb5 66. Bf5 d2 67. Bc2 Bd3
68. Bd1 Bb5 69. Ke3 Kg7 70. Kxd2 Bd7 71. Be2 Kf6 72. Ke3 Bc8 73. Kf3 Ke5 74. h6
Kf6 75. Bd3 Kf7 76. Be4 Kf6 77. Kg3 Kf7 78. Bf5 Bb7 79. Kf2 Bc6 80. Ke3 Bb5 81.
Kd4 Kf6 82. h7 Kg7 83. Ke5 Be2 84. Ke6 Bc4+ 85. Ke5 Be2 86. h8=Q+ Kxh8 87. Kf6
Kg8 88. Kg6 Kf8 89. Bc8 Ke7 90. Kxg5 Kd6 91. Kf5 Bxg4+ 92. Kxg4 Kc5 1/2-1/2

[Event "POLFINAL MISTRZOSTW POLSKI JUNIOROW 2018 - C11"]
[Site "Szczyrk"]
[Date "1899-12-30"]
[Round "3.3"]
[White "Bochenek, Ryszard"]
[Black "Bartoszczuk, Adam"]
[Result "1-0"]
[WhiteTitle "II"]
[BlackTitle "II+"]
[WhiteElo "1391"]
[BlackElo "1255"]

1. d4 d5 2. g3 e6 3. Bg2 Nf6 4. Nf3 Be7 5. O-O O-O 6. b3 b6 7. Bb2 Bb7 8. Nbd2
c5 9. c4 Nbd7 10. e3 Rc8 11. Qe2 Rc7 12. Rac1 Qa8 13. Ne5 Nxe5 14. dxe5 Nd7 15.
Rfd1 Rfc8 16. Rc2 dxc4 17. Bxb7 Qxb7 18. Nxc4 b5 19. Nd6 Bxd6 20. exd6 Rc6 21.
Qg4 g6 22. Qf4 c4 23. bxc4 Rxc4 24. Rxc4 Rxc4 25. Qg5 Qb8 26. Qe7 Qc8 27. Rd2
a5 28. Kf1 b4 29. Bd4 Rc1+ 30. Kg2 a4 31. Qg5 b3 32. axb3 axb3 33. Rd3 Qb7+ 34.
Kh3 Rc8 35. Rc3 f6 36. Rxc8+ Qxc8 37. Qb5 e5 38. Qxb3+ Kg7 39. Qc3 Qxc3 40. Bxc3
Kf7 41. Bb4 Ke6 42. f4 e4 43. Kg4 h5+ 44. Kh4 Nb6 45. g4 hxg4 46. Kxg4 Nc4 47.
Bc5 Nxd6 48. Bxd6 Kxd6 49. f5 g5 50. Kh5 Kd5 51. h3 Kc4 52. Kg6 Kd3 53. Kxf6 Kxe3
54. Kxg5 Kd2 55. f6 e3 56. f7 e2 57. f8=Q e1=Q 58. Qb4+ Ke2 59. Qxe1+ 1-0

[Event "POLFINAL MISTRZOSTW POLSKI JUNIOROW 2018 - C11"]
[Site "Szczyrk"]
[Date "1899-12-30"]
[Round "3.4"]
[White "Palasz, Jakub"]
[Black "Rylski, Tadeusz"]
[Result "0-1"]
[WhiteTitle "II"]
[BlackTitle "II"]
[WhiteElo "1157"]
[BlackElo "1407"]

1. e4 c5 2. Nf3 e6 3. d4 cxd4 4. Nxd4 Nf6 5. Nc3 Nc6 6. Nxc6 bxc6 7. e5 Nd5 8.
Nxd5 cxd5 9. Bd3 Ba6 10. O-O Bxd3 11. Qxd3 d6 12. Bf4 Be7 13. Qg3 dxe5 14. Bxe5
Bf6 15. Bxf6 Qxf6 16. Qd6 Rc8 17. c3 Qe7 18. Qe5 O-O 19. Rad1 Qb7 20. b3 Qc7 21.
Qxc7 Rxc7 22. Rc1 Rfc8 23. c4 dxc4 24. bxc4 Rxc4 25. Rxc4 Rxc4 26. Rd1 Kf8 27.
Kf1 Ke7 28. Rb1 Kd6 29. Rb7 Rc7 30. Rb2 e5 31. Ke2 f5 32. Kd2 g6 33. Rb8 Kc5 34.
Re8 Rd7+ 35. Kc2 Kd4 36. Kd2 e4 37. Ke2 Rb7 38. Rd8+ Kc4 39. Rc8+ Kb4 40. f3 exf3+
41. Kxf3 Ka3 42. Ra8 Re7 43. h3 Kxa2 44. g4 fxg4+ 45. Kxg4 Kb3 46. Kg5 Ka4 47.
Kf6 Rb7 48. Ke6 a5 49. Kd6 Rb5 50. Kc6 Rh5 51. Kb6 Kb3 52. Rxa5 Rxa5 53. Kxa5
Kc4 54. Kb6 Kd5 55. Kc7 Ke6 56. Kd8 g5 0-1

[Event "POLFINAL MISTRZOSTW POLSKI JUNIOROW 2018 - C11"]
[Site "Szczyrk"]
[Date "1899-12-30"]
[Round "3.5"]
[White "Karp, Kacper"]
[Black "Klisowski, Bartosz"]
[Result "0-1"]
[WhiteTitle "II+"]
[BlackTitle "II"]
[WhiteElo "1534"]
[BlackElo "1334"]

1. e4 c5 2. Nf3 g6 3. d4 cxd4 4. Nxd4 Bg7 5. c4 Nc6 6. Be3 Nf6 7. Nc3 d6 8. f3
O-O 9. Be2 Nxd4 10. Bxd4 Be6 11. O-O Nd7 12. Bxg7 Kxg7 13. Kh1 Qb6 14. b3 Nf6
15. Rc1 Rac8 16. Qe1 a6 17. Qh4 Qe3 18. Rfe1 g5 19. Nd5 Qxc1 20. Qxh7+ Nxh7 21.
Rxc1 Bxd5 22. exd5 Nf6 23. Bd3 Rc7 24. f4 gxf4 25. Rf1 Nh5 26. Be2 Rh8 27. Bxh5
Rxh5 28. Rxf4 Kg6 29. Rg4+ Rg5 30. Rxg5+ Kxg5 0-1

[Event "POLFINAL MISTRZOSTW POLSKI JUNIOROW 2018 - C11"]
[Site "Szczyrk"]
[Date "1899-12-30"]
[Round "3.6"]
[White "Gromek, Pawel"]
[Black "Cieply, Krzysztof"]
[Result "0-1"]
[WhiteTitle "II"]
[BlackTitle "II"]
[WhiteElo "1242"]
[BlackElo "1362"]

1. e4 c5 2. Nf3 Nc6 3. Bb5 g6 4. c3 Bg7 5. O-O e5 6. d3 Nge7 7. Be3 b6 8. Nbd2
O-O 9. Re1 a6 10. Ba4 h6 11. Bb3 Kh7 12. Nf1 d5 13. Qe2 f5 14. exd5 Nxd5 15. Rad1
Bb7 16. Bc1 Re8 17. Ne3 Nc7 18. h3 Qf6 19. Nd5 Nxd5 20. Bxd5 Na5 21. Bxb7 Nxb7
22. Nd2 Nd6 23. Qf3 Rac8 24. Nf1 a5 25. Ne3 Qd8 26. Nd5 Rb8 27. c4 Nc8 28. g3
Ne7 29. Nxe7 Rxe7 30. h4 Qd7 31. h5 g5 32. g4 fxg4 33. Qg3 Rf8 34. Re4 Ref7 35.
Be3 Rf3 36. Qxg4 Qxg4+ 37. Rxg4 Rh3 38. Kg2 Rxh5 39. Kg3 Kg6 40. b3 Kf5 41. Rg1
Bf6 42. f3 Rh4 43. Rxh4 gxh4+ 44. Kh3 Bg5 45. Bf2 Rd8 46. Rd1 Kf4 47. Bxh4 Bxh4
48. Kxh4 Kxf3 49. Kh5 e4 50. Kxh6 exd3 0-1

[Event "POLFINAL MISTRZOSTW POLSKI JUNIOROW 2018 - C11"]
[Site "Szczyrk"]
[Date "1899-12-30"]
[Round "3.7"]
[White "Fojcik, Kacper"]
[Black "Jendrowiak, Maciej"]
[Result "1/2-1/2"]
[WhiteTitle "III"]
[BlackTitle "II"]
[WhiteElo "1190"]
[BlackElo "1266"]

1. c4 e5 2. Nc3 Nf6 3. g3 c6 4. Bg2 d5 5. cxd5 cxd5 6. d3 Nc6 7. Nf3 Bb4 8. Bd2
Bf5 9. a3 Ba5 10. b4 Bc7 11. Rb1 O-O 12. O-O e4 13. dxe4 Nxe4 14. Rb2 Be5 15.
Nxe5 Nxe5 16. Rb3 Nc4 17. Nxe4 Bxe4 18. Bxe4 dxe4 19. Bf4 Qxd1 20. Rxd1 Rfd8 21.
Rc1 b5 22. Kg2 h6 23. g4 Rac8 24. Rbc3 g5 25. Be3 a6 26. h3 Rd5 27. Bc5 Rcd8 28.
Be3 Rd1 29. Rxd1 Rxd1 30. Bc1 Rd5 31. Be3 1/2-1/2

[Event "POLFINAL MISTRZOSTW POLSKI JUNIOROW 2018 - C11"]
[Site "Szczyrk"]
[Date "1899-12-30"]
[Round "3.8"]
[White "Klim, Filip"]
[Black "Borowik, Karol"]
[Result "1-0"]
[WhiteTitle "I"]
[BlackTitle "II"]
[WhiteElo "1451"]
[BlackElo "1177"]

1. e4 c5 2. Nf3 d6 3. d4 cxd4 4. Nxd4 Nf6 5. Nc3 g6 6. Be3 Bg7 7. Bb5+ Bd7 8. Bxd7+
Qxd7 9. f3 O-O 10. O-O Nc6 11. Qd2 Ne5 12. b3 Rfc8 13. Rad1 Nc6 14. Nce2 Nxd4
15. Bxd4 Qc6 16. c4 Nd7 17. Bxg7 Kxg7 18. Nd4 Qc5 19. Kh1 a6 20. Qb2 Kg8 21. Rc1
Ne5 22. Rfd1 Qc7 23. h3 Nc6 24. Nxc6 Qxc6 25. Rd2 a5 26. a4 b6 27. Rcd1 Rd8 28.
e5 Ra7 29. exd6 Rxd6 30. Rxd6 exd6 31. Qf6 Rd7 32. Re1 Qc8 33. g4 Qd8 34. Qd4
Rb7 35. Kg2 Rd7 36. f4 Rb7 37. Kg3 Rd7 38. h4 h6 39. Kh3 Rb7 40. f5 Kh7 41. fxg6+
Kxg6 42. Qe4+ 1-0

[Event "POLFINAL MISTRZOSTW POLSKI JUNIOROW 2018 - C11"]
[Site "Szczyrk"]
[Date "1899-12-30"]
[Round "3.9"]
[White "Kubik, Rafal"]
[Black "Starosciak, Szymon"]
[Result "0-1"]
[WhiteTitle "III"]
[BlackTitle "II"]
[WhiteElo "1264"]
[BlackElo "1419"]

1. e4 c5 2. c3 Nf6 3. e5 Nd5 4. d4 cxd4 5. cxd4 d6 6. Bc4 e6 7. Bxd5 exd5 8. Nc3
dxe5 9. dxe5 d4 10. Nce2 Nc6 11. Nf3 Bg4 12. Qd3 Nb4 13. Qb5+ Bd7 14. Qxb7 Bc6
15. Neg1 0-1

[Event "POLFINAL MISTRZOSTW POLSKI JUNIOROW 2018 - C11"]
[Site "Szczyrk"]
[Date "1899-12-30"]
[Round "3.10"]
[White "Kazmierowski, Tymon"]
[Black "Zimny, Jakub"]
[Result "0-1"]
[WhiteTitle "II"]
[BlackTitle "II"]
[WhiteElo "1408"]
[BlackElo "1217"]

1. e4 c5 2. Nf3 d6 3. d4 cxd4 4. Qxd4 Nc6 5. Bb5 Bd7 6. Qd3 Nf6 7. Bg5 e6 8. Nc3
Be7 9. O-O-O a6 10. Bxc6 Bxc6 11. Nd4 Rc8 12. Nxc6 Rxc6 13. f4 Nd7 14. Bxe7 Qxe7
15. g4 Qh4 16. h3 b5 17. e5 Nc5 18. Qf3 d5 19. Ne2 Ne4 20. Rhf1 O-O 21. f5 Ng5
22. Qf4 Nxh3 23. Qh2 Qxg4 24. Rh1 Ng5 25. Rdg1 Qxf5 26. Nd4 Rxc2+ 27. Nxc2 Nf3
28. Qf2 Nxg1 29. Qxf5 exf5 30. Rxg1 Re8 31. Kd2 Rxe5 32. Nd4 f6 33. Kd3 g5 34.
Nf3 Re4 35. Nxg5 Rg4 36. Nf3 Kg7 37. Ke3 d4+ 38. Kf2 Kh6 39. Rxg4 fxg4 40. Nxd4
Kg5 41. Kg3 f5 42. Ne6+ Kf6 43. Nf4 Ke5 44. Nh5 h6 45. Nf4 Ke4 46. Nh5 Ke3 47.
Nf6 Kd2 48. Nd5 Kc2 49. b4 Kb2 50. Nc7 Kxa2 51. Nxa6 Kb3 52. Kf4 h5 53. Kxf5 g3
54. Nc5+ Kxb4 55. Nd3+ Kc3 56. Nf4 b4 57. Nxh5 g2 58. Nf4 b3 59. Nxg2 b2 60. Kf4
b1=Q 61. Ne3 Qc1 62. Ke4 Qe1 63. Kf4 Kd3 64. Ng4 Qe4+ 65. Kg3 Ke2 66. Nh2 Qe3+
67. Kg4 Kf2 68. Kh4 Qg3+ 0-1

[Event "POLFINAL MISTRZOSTW POLSKI JUNIOROW 2018 - C11"]
[Site "Szczyrk"]
[Date "1899-12-30"]
[Round "3.11"]
[White "Rozek, Michal"]
[Black "Turowski, Maciej"]
[Result "1/2-1/2"]
[WhiteTitle "II"]
[BlackTitle "II"]
[WhiteElo "1219"]
[BlackElo "1370"]

1. e4 Nf6 2. e5 Nd5 3. d4 d6 4. c4 Nb6 5. exd6 cxd6 6. Nc3 g6 7. a4 Bg7 8. a5 N6d7
9. Ra3 Nc6 10. d5 Nb4 11. Nf3 O-O 12. Be2 Nc5 13. Na2 Nxa2 14. Rxa2 Bd7 15. O-O
Rc8 16. Nd2 Bf5 17. Nb3 Na6 18. Bd2 Nc5 19. Nxc5 dxc5 20. Bc3 f6 21. Bg4 Bxg4
22. Qxg4 Re8 23. Qe6+ Kf8 24. Raa1 Qd6 25. Qxd6 exd6 26. Rae1 f5 27. Bxg7+ Kxg7
28. f3 Kf6 29. Kf2 h6 30. h3 g5 31. g4 f4 1/2-1/2

[Event "POLFINAL MISTRZOSTW POLSKI JUNIOROW 2018 - C11"]
[Site "Szczyrk"]
[Date "1899-12-30"]
[Round "3.12"]
[White "Grzadka, Artur"]
[Black "Guzik, Michal"]
[Result "1-0"]
[WhiteTitle "II"]
[BlackTitle "II"]
[WhiteElo "1333"]
[BlackElo "1117"]

1. d4 d5 2. c4 e6 3. Nc3 Nf6 4. cxd5 Nxd5 5. e4 Nf6 6. Bg5 Be7 7. Nf3 O-O 8. Bc4
Nc6 9. O-O h6 10. Bf4 Bd7 11. a3 a5 12. Re1 Na7 13. Qe2 c6 14. d5 exd5 15. exd5
cxd5 16. Nxd5 Nxd5 17. Bxd5 Re8 18. Qc4 Rf8 19. Bxb7 Be6 20. Qe4 1-0

[Event "POLFINAL MISTRZOSTW POLSKI JUNIOROW 2018 - C11"]
[Site "Szczyrk"]
[Date "1899-12-30"]
[Round "3.13"]
[White "Zmuda, Tomasz"]
[Black "Pelka, Maciej"]
[Result "0-1"]
[WhiteTitle "II"]
[BlackTitle "II"]
[WhiteElo "1174"]
[BlackElo "1328"]

1. e4 c5 2. Nf3 Nc6 3. d4 cxd4 4. Nxd4 g6 5. Nc3 Nf6 6. f4 d6 7. h3 Nxd4 8. Qxd4
Bg7 9. Bb5+ Bd7 10. Bxd7+ Qxd7 11. Be3 O-O 12. Qd2 b5 13. g4 b4 14. Ne2 Nxe4 15.
Qxb4 Qc6 16. Nd4 Bxd4 17. Qxd4 e5 18. fxe5 dxe5 19. Qxe5 Rfe8 20. Qf4 Ng5 21.
O-O-O Rac8 22. c3 Ne4 23. Bd4 Red8 24. Qe3 Rb8 25. Rhe1 Qb7 26. Re2 Re8 27. Qf4
f6 28. h4 Re6 29. h5 Qb5 30. hxg6 Rb7 31. gxh7+ Kh8 32. Bxf6+ Rxf6 33. Rd8+ Kxh7
34. Qxe4+ Kg7 35. Qe8 Rf1+ 36. Kd2 Qxb2+ 37. Kd3 Qb1+ 38. Kd4 Qb6+ 39. Ke4 Qb1+
40. Ke3 Qc1+ 41. Kd4 Rf4+ 42. Kd5 Qd1+ 43. Kc5 Rc7+ 44. Kb5 Qb1+ 45. Ka5 Qb6#
0-1

[Event "POLFINAL MISTRZOSTW POLSKI JUNIOROW 2018 - C11"]
[Site "Szczyrk"]
[Date "1899-12-30"]
[Round "3.14"]
[White "Bartnik, Michal"]
[Black "Wieckowski, Michal"]
[Result "1-0"]
[WhiteTitle "II"]
[BlackTitle "II"]
[WhiteElo "1090"]
[BlackElo "1278"]

1. d4 f5 2. e4 d6 3. Nc3 g6 4. Nf3 Bg7 5. Bc4 e5 6. dxe5 dxe5 7. Qxd8+ Kxd8 8.
Ng5 Nh6 9. Ne6+ Bxe6 10. Bxe6 Rf8 11. Bg5+ Rf6 12. Bxf6+ Bxf6 13. Rd1+ Ke8 14.
Nb5 Bd8 15. exf5 gxf5 16. O-O a6 17. Nc3 Bg5 18. Rfe1 Nc6 19. Bd7+ Kf7 20. Bxc6
bxc6 21. Rd7+ Ke6 22. Rxc7 Kd6 23. Rxh7 Rb8 24. b3 Rb4 25. Rd1+ Ke6 26. Ra7 Ng4
27. Rxa6 e4 28. Rxc6+ Ke5 29. Rd5+ Kf4 30. Ne2# 1-0

[Event "POLFINAL MISTRZOSTW POLSKI JUNIOROW 2018 - C11"]
[Site "Szczyrk"]
[Date "1899-12-30"]
[Round "3.15"]
[White "Duda, Leon"]
[Black "Wilgosz, Szczepan"]
[Result "0-1"]
[WhiteTitle "II"]
[BlackTitle "II"]
[WhiteElo "1268"]
[BlackElo "1092"]

1. e4 e5 2. Nf3 Nc6 3. Bc4 Nf6 4. d4 exd4 5. e5 d5 6. Be2 Ne4 7. O-O Bc5 8. Bb5
Bd7 9. Bxc6 bxc6 10. Nxd4 Qh4 11. Be3 Rb8 12. g3 Qh3 13. Nd2 Rxb2 14. Nxe4 dxe4
15. Nb3 Bg4 16. f3 Bxe3+ 17. Kh1 exf3 18. Rxf3 Rxc2 19. Nd2 Rxd2 0-1

[Event "POLFINAL MISTRZOSTW POLSKI JUNIOROW 2018 - C11"]
[Site "Szczyrk"]
[Date "1899-12-30"]
[Round "3.16"]
[White "Kubaszewski, Piotr"]
[Black "Oklinski, Franciszek"]
[Result "1-0"]
[WhiteTitle "II"]
[BlackTitle "III"]
[WhiteElo "1238"]
[BlackElo "1073"]

1. e4 c5 2. Nf3 e6 3. d4 cxd4 4. Nxd4 a6 5. Nc3 Qc7 6. Be2 Nf6 7. a3 Nc6 8. Nb3
Bd6 9. Be3 b6 10. Qd2 O-O 11. Bxb6 Qxb6 12. Qxd6 Bb7 13. Qc5 Qxc5 14. Nxc5 Rfb8
15. O-O-O Bc8 16. f4 Na5 17. e5 Ne8 18. Nxd7 Bxd7 19. Rxd7 Rb6 20. Rhd1 g6 21.
Rd8 Rxd8 22. Rxd8 Kf8 23. Rd7 Nc6 24. Ne4 a5 25. Nd6 Nxd6 26. Rxd6 Ke7 27. Bf3
1-0